मिथिला सांस्कृतिक परम्परा में लोकगीत : (Record no. 119017)

MARC details
000 -LEADER
fixed length control field 01330nam a22002537a 4500
005 - DATE AND TIME OF LATEST TRANSACTION
control field 20170124103125.0
010 ## - LIBRARY OF CONGRESS CONTROL NUMBER
LC control number A-439136
020 ## - INTERNATIONAL STANDARD BOOK NUMBER
Terms of availability 150.00
International Standard Book Number 8185078416
035 ## - SYSTEM CONTROL NUMBER
System control number A-439136
037 ## - SOURCE OF ACQUISITION
Source of stock number/acquisition Cen Lib/Ret
040 ## - CATALOGING SOURCE
Original cataloging agency DPL
Language of cataloging HN
082 ## - DEWEY DECIMAL CLASSIFICATION NUMBER
Classification number 398.2
Item number झामोह
100 ## - MAIN ENTRY--PERSONAL NAME
Personal name झा, मोहनानन्द
9 (RLIN) 45684
245 ## - TITLE STATEMENT
Title मिथिला सांस्कृतिक परम्परा में लोकगीत :
Statement of responsibility, etc मोहनानन्द झा
Remainder of title शैक्षिक-समाजशास्त्रीय परिप्रेक्ष्य में अध्य्यन /
246 ## - VARYING FORM OF TITLE
Title proper/short title Mithila sanskritik parampara me lokgeet : shaishik-samajshastreey paripekshey me adhyyan /
Remainder of title by Mohananand Jha
260 ## - PUBLICATION, DISTRIBUTION, ETC. (IMPRINT)
Place of publication, distribution, etc पटना
Name of publisher, distributor, etc जानकी प्रकाशन
Date of publication, distribution, etc 1989
270 ## - ADDRESS
Address अशोक राजपथ, चौहट्टा
City पटना
300 ## - PHYSICAL DESCRIPTION
Extent 276पृ.
Dimensions 20सेमी(सजिल्द)
650 ## - SUBJECT ADDED ENTRY--TOPICAL TERM
Topical term or geographic name as entry element लोकगीत -- सामाजिक स्वरुप
9 (RLIN) 7272
650 ## - SUBJECT ADDED ENTRY--TOPICAL TERM
Topical term or geographic name as entry element मैथिलि लोकगीत -- राजनैतिक तत्व
9 (RLIN) 82948
650 ## - SUBJECT ADDED ENTRY--TOPICAL TERM
Topical term or geographic name as entry element Folklore - social nature
9 (RLIN) 82949
650 ## - SUBJECT ADDED ENTRY--TOPICAL TERM
Topical term or geographic name as entry element Maithili folklore - political element
9 (RLIN) 82950
942 ## - ADDED ENTRY ELEMENTS (KOHA)
Source of classification or shelving scheme Dewey Decimal Classification
Koha item type Hindi Books
Classification part 398.2
Call number suffix झामोह
Holdings
Withdrawn status Lost status Damaged status Not for loan Home library Current library Date acquired Source of acquisition Cost, normal purchase price Total Checkouts Full call number Barcode Date last seen Copy number Cost, replacement price Price effective from Koha item type
        Central Library Central Library 15/09/2015 Cen Lib/Ret 150.00   398.2 झामोह A-439136 15/09/2015 1 150.00 15/09/2015 Hindi Books

© Delhi Public Library
Hit Counter
free hit counter